Beijing story /

Ultimo tango a Pechino. Nella Cina ricca e spieiata degli anni recenti, un giovane capitano d'industria abituato a comprare tutto - anche l'amore di chi non lo ama -incontra un ragazzo quasi adolescente, che si prostituisce per necessità economica o forse per autopunizione, e con lui brucia per la p...

詳細記述

保存先:
書誌詳細
第一著者: Tongzhi (著者)
その他の著者: Fortunato, Mario, (1958- ), Regola, Lucia
フォーマット: 図書
言語:イタリア語
出版事項: Roma : Nottetempo, [2009]
シリーズ:Nottetempo. Narrativa
タグ: タグ追加
タグなし, このレコードへの初めてのタグを付けませんか!

MARC

LEADER 00000nam a22000007i 4500
001 IT\ICCU\LO1\1256821
003 ItRI
005 20260207185749.0
008 090720s2009 it |||||| ||||| |||||c
020 |a 9788874522118 
024 3 1 |a 9788874522118 
040 |b ita  |c GP 
041 7 |a ita  |2 ISO-639-2 
082 |a 895.1352  |2 21 
100 0 |a Tongzhi  |0 IT\ICCU\LO1V\359349  |4 aut 
240 1 0 |a Beijing gushi.  |9 Tongzhi 
245 1 0 |a Beijing story /  |c Tongzhi ; a cura di Mario Fortunato ; traduzione dal cinese di Lucia Regola. 
260 |a Roma :  |b Nottetempo,  |c [2009] 
300 |a 249 p. ;  |c 20 cm. 
520 |a Ultimo tango a Pechino. Nella Cina ricca e spieiata degli anni recenti, un giovane capitano d'industria abituato a comprare tutto - anche l'amore di chi non lo ama -incontra un ragazzo quasi adolescente, che si prostituisce per necessità economica o forse per autopunizione, e con lui brucia per la prima volta nel fuoco di una passione erotica che cambierà la vita di entrambi. Scoppiato su internet, quasi fosse un moderno samizdat, il caso di Beijing Story ha conquistato i lettori di tutto il mondo, pur rimanendo in patria un testo rigorosamente clandestino. Non a caso il suo autore è costretto ancora oggi a rimanere anonimo: contro la censura di Stato, la sua figura appare fragile e potente come quella dello studente inerme di fronte ai carri armati sulla piazza Tian'anmen. Dal romanzo, Stanley Kwan ha tratto nel 2001 un film premiatissimo, Lan Yu. 
700 1 |a Fortunato, Mario,  |d  (1958- )  |0 IT\ICCU\CFIV\082841 
700 1 |a Regola, Lucia  |0 IT\ICCU\MILV\192082 
830 0 |a Nottetempo. Narrativa  |0 IT\ICCU\TO0\1560025 
942 |2 ddc  |c BK 
952 |0 0  |1 0  |2 ddc  |4 0  |6 112_895_135200000000000_TON_BEI  |7 1  |9 916  |a MO  |b MO  |d 2024-03-07  |l 0  |o [112] 895.1352 TON BEI  |p 9091  |r 2024-03-07 12:19:22  |w 2024-03-07  |y BK 
952 |0 0  |1 0  |2 ddc  |4 0  |6 895_135200000000000_TON  |7 1  |9 1173  |a RM  |b RM  |d 2024-04-03  |l 0  |o 895.1352 TON  |p 719  |r 2024-04-03 19:29:48  |w 2024-04-03  |y BK 
952 |0 0  |1 0  |2 ddc  |4 0  |6 895_135000000000000_TON_BEI  |7 1  |9 3404  |a RN  |b RN  |d 2025-02-23  |l 0  |o 895.135 TON BEI  |p 10663  |r 2025-02-23 08:01:34  |w 2025-02-23  |x DONAZIONE DI GIOVANNI RIMONDINI  |y BK  |z DONAZIONE DI GIOVANNI RIMONDINI 
952 |0 0  |1 0  |2 ddc  |4 0  |6 B_LNR02TONGZBEI11  |7 0  |9 7393  |a MI  |b MI  |d 2010-06-21  |i 6010  |l 0  |o B-LNR02-TONGZ-BEI11  |p CDOM6010  |r 2025-07-13 16:28:38  |w 2025-07-13  |x ACQUISTO  |y BK 
952 |0 0  |1 0  |2 ddc  |4 0  |6 B_LNR02TONGZBEI12  |7 0  |9 7394  |a MI  |b MI  |d 2011-04-18  |i 6138  |l 0  |o B-LNR02-TONGZ-BEI12  |p CDOM6138  |r 2025-07-13 16:28:38  |w 2025-07-13  |x DONO  |y BK 
952 |0 0  |1 0  |2 ddc  |4 0  |6 B_LNR02TONGZBEI13  |7 0  |9 7395  |a MI  |b MI  |d 2012-04-13  |i 6422  |l 0  |o B-LNR02-TONGZ-BEI13  |p CDOM6422  |r 2025-07-13 16:28:38  |w 2025-07-13  |x DONO  |y BK 
952 |0 0  |1 0  |2 ddc  |4 0  |6 B_LNR02TONGZBEI14  |7 0  |9 7396  |a MI  |b MI  |d 2014-02-11  |i 6611  |l 0  |o B-LNR02-TONGZ-BEI14  |p CDOM6611  |r 2025-07-13 16:28:38  |w 2025-07-13  |x DONO  |y BK 
952 |0 0  |1 0  |4 0  |6 DOC_895_135000000000000_TON  |7 0  |9 20898  |a BO  |b BO  |d 2026-01-15  |i 12911  |l 0  |o DOC 895.135 TON  |p BO12911  |r 2026-01-15 23:21:40  |w 2026-01-15  |x [Sebina 5] [1 v.]  |y BK  |z 1 v. 
952 |0 0  |1 0  |4 0  |6 DOC_895_135000000000000_TON  |7 0  |9 20899  |a BO  |b BO  |d 2026-01-15  |i 13051  |l 0  |o DOC 895.135 TON  |p BO13051  |r 2026-01-15 23:21:40  |w 2026-01-15  |x [Sebina 5] [1 v.]  |y BK  |z 1 v. 
999 |c 865  |d 865